Earth science demystified

সংরক্ষণ করুন:
গ্রন্থ-পঞ্জীর বিবরন
প্রধান লেখক: Williams, Linda
বিন্যাস: গ্রন্থ
ভাষা:Undetermined
প্রকাশিত: New York McGraw-Hill 2004
বিষয়গুলি:
ট্যাগগুলো: ট্যাগ যুক্ত করুন
কোনো ট্যাগ নেই, প্রথমজন হিসাবে ট্যাগ করুন!
Thư viện lưu trữ: Trung tâm Học liệu Trường Đại học Cần Thơ
LEADER 00479nam a2200193Ia 4500
001 CTU_88102
008 210402s9999 xx 000 0 und d
020 |c 18.95 
082 |a 550 
082 |b W721 
100 |a Williams, Linda 
245 0 |a Earth science demystified 
245 0 |c Linda Williams 
260 |a New York 
260 |b McGraw-Hill 
260 |c 2004 
650 |a Earth sciences 
904 |i Năm 
980 |a Trung tâm Học liệu Trường Đại học Cần Thơ